000 00303 a2200157 4500
001 162598
020 _a
040 _cMagnum
100 _a-
240 1 0 _aCinderela/record
_lpor
245 1 0 _aCinderela/record
362 0 _a1899
440 1 _aRecord
697 _aI/FADAS, FANTASIA
942 _cBK
999 _c162598
_d162598